000 00220 a2200097 4500
001 29109
100 _aNadvi S.M
245 _aGeographical history of the Quran
260 _a
_bMuhammad Ashraf
_c
090 _c19438
_d19438
942 _aNUST-CAE
_cM
_c10489
999 _c264182
_d264182